Kraje z Zwierzętami na Flagach - Statystyki

Ogólne statystyki
  • Ten quiz został rozwiązany 37 razy
  • Średni wynik to 13 z 16
Statystyki odpowiedzi
Obrazkowy Odpowiedź % Poprawnych
Meksyk
100%
Albania
97%
Serbia
94%
Egipt
91%
Walia
91%
Ekwador
88%
Sri Lanka
85%
Bhutan
82%
Zambia
82%
Dominika
79%
Uganda
79%
Papua Nowa Gwinea
76%
Boliwia
73%
Fidżi
64%
Zimbabwe
64%
Kiribati
55%
Nie znaleziono quizów pasujących do podanych kryteriów
Rozkład punktacji
Procent ludzi z każdym wynikiem
Percentyl według liczby udzielonych odpowiedzi
Twoja historia wyników
Nie rozwiązałeś tego quizu